000 00862nam a2200289 b 4500
001 96753
003 DO-SdBPM
005 20250107091947.0
007 96753
008 050112s1987 sp | ||spa
020 _a8440200899
040 _aDO-SdBPM
_bspa
_cBPMSU
041 1 _aspa
082 4 _a843.8
_bV531J 1987
_222
100 1 _aVerne, Julio,
_d1828-1905
240 1 3 _aLe sphinx des glaces.
_lEspañol
245 1 0 _aJulio Verne :
_cJulio Verne ; traducción J. M. Huertas
_bLa esfinge de los hielos /
260 _aBarcelona :
_bEdiciones Orbis,
_c1987
300 _a2 v. :
_bil.;
_c22 cm.
490 0 _aJulio Vernes,
_v60/61
590 _aInventariado, 2025/VM
650 4 _aNovela juvenil francesa
650 4 _aLiteratura juvenil francesa
700 1 _aHuertas, J. M.,
_etraductor
910 _aVMateo V. Control de calidad. BPMSU
942 _2ddc
_cBK
999 _c8654
_d8654